000 01133cam a22002774a 4500
999 _c3597
_d3597
001 17241519
003 OSt
005 20181115165858.0
008 120404s2012 pau 000 0ceng
010 _a 2012014115
020 _a9781603745031 (trade pbk. : alk. paper)
040 _aDLC
_cDLC
_dDLC
042 _apcc
050 0 0 _aBR1702
_b.M9 2012
082 0 0 _a920
_223
_bM996V
100 _aMyers, John
245 0 0 _aVoices from the edge of eternity /
_ccompiled by John Myers.
260 _aNew Jersey :
_bSpire Books;
_cc1968.
300 _a256 p. ;
_c17 cm.
520 _a"A compilation of the words and experiences of people both famous and obscure just before death--including such figures as Luther, Darwin, Napoleon, and many more--reveals the remarkable agreement of their testimonies and the light that each account sheds on the life that awaits us after death"--Provided by publisher.
650 0 _aLast words.
700 1 _aMyers, John,
_d1925-
906 _a7
_bcbc
_corignew
_d1
_eecip
_f20
_gy-gencatlg
942 _2ddc
_cBK